| 000 | 00548nam a2200145Ia 4500 | ||
|---|---|---|---|
| 008 | 100204s9999 xx 000 0 und d | ||
| 082 | _b12687 | ||
| 100 | _aतासगावकर शशिकांत | ||
| 245 | _aघराणं तमासगिराचं | ||
| 260 |
_b"ग्रंथाली वाचक चळवळ , मुंबई - कुर्ला" _c1989 |
||
| 300 | _a115 | ||
| 630 | _aघराणं तमासगिराचं | ||
| 730 | _aघराणं तमासगिराचं | ||
| 942 | _cBOOK | ||
| 999 |
_c457119 _d457116 |
||